| 000 | 00811nam a22002417a 4500 | ||
|---|---|---|---|
| 005 | 20080617122550.0 | ||
| 008 | 080617t xxu||||| |||| 00| 0 eng d | ||
| 010 | _aENG-90340 | ||
| 020 |
_a81899781491 _c250.00 |
||
| 035 | _aEN-73873 | ||
| 037 | _bDBAD / PUB | ||
| 040 |
_aDPL _bEN |
||
| 082 | _a515 | ||
| 100 | _aChatterjee, Utpal | ||
| 245 |
_aAdvanced mathematical analysis: _btheory & problems / _cby Utpal Chatterjee |
||
| 260 |
_aKolkata _bAcademic Publishers _c2008 |
||
| 270 |
_a5A, Bhawani Dutta Lane, _bKolkata _e700073 |
||
| 300 |
_aix, 584p. _c25 cm (pbk) |
||
| 500 | _aIncludes index | ||
| 700 | _a | ||
| 942 |
_cEN _h515 _2ddc _mCHA |
||
| 999 |
_c13738 _d13738 |
||